[Event "MP do lat 18 - dziewczeta"]
[Site "Sypniewo"]
[Date "2022.03.24"]
[Round "6.13"]
[White "Bychowska, Marta"]
[Black "Lukasik, Zuzanna"]
[Result "0-1"]
[BlackElo "1786"]
[WhiteElo "1374"]
[LiveChessVersion "1.4.8"]

1. e4 {[%clk 1:30:57]} c5 {[%clk 1:30:21]} 2. Nc3 {[%clk 1:31:23]} Nc6
{[%clk 1:29:46]} 3. g3 {[%clk 1:31:47]} g6 {[%clk 1:29:27]} 4. Bg2
{[%clk 1:32:10]} Bg7 {[%clk 1:29:17]} 5. d3 {[%clk 1:32:30]} d6 {[%clk 1:28:06]}
6. f4 {[%clk 1:32:31]} e6 {[%clk 1:27:32]} 7. Nf3 {[%clk 1:32:22]} Nge7
{[%clk 1:26:56]} 8. O-O {[%clk 1:32:10]} O-O {[%clk 1:26:23]} 9. Be3
{[%clk 1:31:10]} Nd4 {[%clk 1:26:01]} 10. Rb1 {[%clk 1:29:45]} Rb8
{[%clk 1:22:15]} 11. Ne2 {[%clk 1:29:18]} Nxf3+ {[%clk 1:05:47]} 12. Rxf3
{[%clk 1:27:19]} b6 {[%clk 1:02:20]} 13. g4 {[%clk 1:24:56]} f5 {[%clk 1:02:09]}
14. exf5 {[%clk 1:19:05]} exf5 {[%clk 0:56:13]} 15. g5 Bb7 16. Rg3
{[%clk 1:17:39]} Bxg2 {[%clk 0:50:29]} 17. Kxg2 {[%clk 1:17:27]} Qd7
{[%clk 0:47:28]} 18. h4 {[%clk 1:16:44]} Rfe8 {[%clk 0:44:51]} 19. c3
{[%clk 0:57:45]} d5 {[%clk 0:34:11]} 20. d4 {[%clk 0:56:49]} c4 {[%clk 0:34:00]}
21. h5 {[%clk 0:56:07]} Nc6 {[%clk 0:31:46]} 22. h6 {[%clk 0:53:06]} Bf8
{[%clk 0:32:07]} 23. Qd2 {[%clk 0:52:19]} b5 {[%clk 0:28:47]} 24. Ng1
{[%clk 0:51:41]} b4 {[%clk 0:27:13]} 25. Qd1 {[%clk 0:47:24]} Qe6
{[%clk 0:20:00]} 26. cxb4 {[%clk 0:33:36]} Nxb4 {[%clk 0:17:46]} 27. Ra1
{[%clk 0:28:52]} Qe4+ {[%clk 0:15:09]} 28. Qf3 {[%clk 0:21:30]} Qxf3+
{[%clk 0:14:54]} 29. Rxf3 {[%clk 0:21:11]} Nc2 {[%clk 0:15:14]} 30. Rb1
{[%clk 0:18:57]} Nxe3+ {[%clk 0:14:50]} 31. Kg3 {[%clk 0:18:40]} Nc2
{[%clk 0:13:50]} 32. b3 {[%clk 0:17:36]} Nxd4 {[%clk 0:13:02]} 33. Rff1
{[%clk 0:17:11]} cxb3 {[%clk 0:12:57]} 34. axb3 {[%clk 0:17:18]} Rxb3+
{[%clk 0:11:48]} 0-1

[Event "MP do lat 18 - dziewczeta"]
[Site "Sypniewo"]
[Date "2022.03.24"]
[Round "6.14"]
[White "Mytnik, Kinga"]
[Black "Kudlak, Julia"]
[Result "0-1"]
[BlackElo "1579"]
[WhiteElo "1438"]
[LiveChessVersion "1.4.8"]

1. e4 {[%clk 1:30:58]} c5 {[%clk 1:30:52]} 2. Nc3 {[%clk 1:31:18]} Nc6
{[%clk 1:30:49]} 3. Bc4 {[%clk 1:31:22]} g6 {[%clk 1:30:15]} 4. f4
{[%clk 1:31:22]} Bg7 {[%clk 1:30:01]} 5. Nf3 {[%clk 1:31:19]} e6 {[%clk 1:30:00]}
6. O-O {[%clk 1:31:01]} Nge7 {[%clk 1:29:32]} 7. d3 {[%clk 1:29:50]} O-O
{[%clk 1:26:31]} 8. Qe1 {[%clk 1:29:42]} d5 {[%clk 1:25:07]} 9. Bb3
{[%clk 1:29:33]} Nd4 {[%clk 1:23:55]} 10. Nxd4 {[%clk 1:25:02]} cxd4
{[%clk 1:23:46]} 11. Nd1 {[%clk 1:18:14]} dxe4 {[%clk 1:22:19]} 12. dxe4
{[%clk 1:17:51]} b5 {[%clk 1:17:29]} 13. Nf2 {[%clk 1:10:28]} a5 {[%clk 1:14:29]}
14. a4 {[%clk 1:09:44]} bxa4 {[%clk 1:11:05]} 15. Bxa4 {[%clk 1:08:38]} Qc7
{[%clk 0:59:22]} 16. Nd3 {[%clk 1:04:11]} Nc6 {[%clk 0:56:04]} 17. Bd2
{[%clk 0:59:46]} Ba6 {[%clk 0:49:52]} 18. f5 {[%clk 0:49:22]} exf5
{[%clk 0:38:29]} 19. exf5 {[%clk 0:49:33]} gxf5 {[%clk 0:32:30]} 20. Rxf5
{[%clk 0:45:48]} Bxd3 {[%clk 0:29:46]} 21. cxd3 {[%clk 0:46:08]} Qd6
{[%clk 0:26:42]} 22. Qh4 {[%clk 0:30:24]} Ne7 {[%clk 0:24:41]} 23. Rh5
{[%clk 0:29:41]} Ng6 {[%clk 0:24:23]} 24. Qh3 {[%clk 0:29:37]} Nf4
{[%clk 0:21:35]} 25. Bxf4 {[%clk 0:29:01]} Qxf4 {[%clk 0:22:03]} 26. Re1
{[%clk 0:14:31]} h6 {[%clk 0:19:10]} 27. Rh4 {[%clk 0:04:53]} Qd2
{[%clk 0:19:04]} 28. Qg3 {[%clk 0:05:13]} Ra6 {[%clk 0:16:28]} 29. Qf2
{[%clk 0:03:11]} Qxd3 {[%clk 0:14:03]} 30. Bc2 {[%clk 0:03:32]} Qb5
{[%clk 0:13:17]} 31. Rd1 {[%clk 0:03:32]} Qg5 {[%clk 0:11:24]} 32. Rh3
{[%clk 0:02:30]} Rd8 {[%clk 0:08:52]} 33. Rg3 {[%clk 0:01:46]} Qf6
{[%clk 0:05:53]} 34. Rf3 {[%clk 0:01:44]} Qe7 {[%clk 0:05:48]} 35. Re1
{[%clk 0:01:28]} Re6 {[%clk 0:04:56]} 36. Rd1 {[%clk 0:00:49]} d3
{[%clk 0:01:54]} 37. Rfxd3 {[%clk 0:00:33]} Rxd3 {[%clk 0:01:04]} 0-1

[Event "MP do lat 18 - dziewczeta"]
[Site "Sypniewo"]
[Date "2022.03.24"]
[Round "6.15"]
[White "Jedrzejko, Martyna"]
[Black "Reszka, Zofia"]
[Result "1-0"]
[BlackElo "1328"]
[WhiteElo "1517"]
[LiveChessVersion "1.4.8"]

1. e4 {[%clk 1:30:58]} c5 {[%clk 1:30:50]} 2. Nf3 {[%clk 1:31:18]} e6
{[%clk 1:31:10]} 3. d4 {[%clk 1:31:31]} cxd4 {[%clk 1:31:30]} 4. Nxd4
{[%clk 1:31:53]} a6 {[%clk 1:31:48]} 5. Bd3 {[%clk 1:32:10]} Nf6 {[%clk 1:31:23]}
6. Nc3 {[%clk 1:29:02]} Bb4 {[%clk 1:28:45]} 7. Bd2 {[%clk 1:26:43]} Nc6
{[%clk 1:27:27]} 8. Nb3 {[%clk 1:25:49]} d5 {[%clk 1:19:19]} 9. exd5
{[%clk 1:22:32]} Nxd5 {[%clk 1:19:20]} 10. Nxd5 {[%clk 1:18:23]} Qxd5
{[%clk 1:18:01]} 11. O-O {[%clk 1:17:45]} O-O {[%clk 1:16:09]} 12. a3
{[%clk 1:15:05]} Bd6 {[%clk 1:11:59]} 13. Bc3 {[%clk 1:03:44]} Qg5
{[%clk 1:04:55]} 14. Bxh7+ {[%clk 0:59:35]} Kxh7 {[%clk 1:03:29]} 15. Qxd6
{[%clk 0:59:58]} Rh8 {[%clk 1:00:50]} 16. Qg3 {[%clk 0:54:18]} Qxg3
{[%clk 0:58:14]} 17. hxg3 {[%clk 0:54:27]} e5 {[%clk 0:56:58]} 18. f4
{[%clk 0:47:01]} e4 {[%clk 0:53:23]} 19. f5 {[%clk 0:47:06]} b5 {[%clk 0:49:48]}
20. Nc5 {[%clk 0:40:58]} Re8 {[%clk 0:46:24]} 21. Rae1 {[%clk 0:41:14]} Ra7
{[%clk 0:45:26]} 22. Rxe4 {[%clk 0:33:20]} Rxe4 {[%clk 0:43:34]} 23. Nxe4
{[%clk 0:33:47]} Re7 {[%clk 0:43:27]} 24. Nd6 {[%clk 0:29:49]} Bd7
{[%clk 0:42:37]} 25. Bxg7 {[%clk 0:24:05]} Re2 {[%clk 0:40:34]} 26. Bc3
{[%clk 0:23:52]} Rxc2 {[%clk 0:39:32]} 27. Nxf7 {[%clk 0:22:54]} Re2
{[%clk 0:36:10]} 28. Nd6 {[%clk 0:21:11]} Ne5 {[%clk 0:33:45]} 29. Bxe5
{[%clk 0:13:52]} Rxe5 {[%clk 0:34:06]} 30. g4 {[%clk 0:09:07]} Kg8
{[%clk 0:33:18]} 31. Kf2 {[%clk 0:05:51]} Kf8 {[%clk 0:32:54]} 32. Re1
{[%clk 0:05:46]} Rd5 {[%clk 0:32:40]} 33. Ne4 {[%clk 0:06:00]} Bc6
{[%clk 0:32:21]} 34. Rc1 {[%clk 0:06:14]} Bb7 {[%clk 0:32:33]} 35. Rc7
{[%clk 0:06:35]} Rd4 {[%clk 0:32:18]} 36. Rxb7 {[%clk 0:06:35]} Rxe4
{[%clk 0:32:31]} 37. Kf3 {[%clk 0:06:58]} 1-0

[Event "MP do lat 18 - dziewczeta"]
[Site "Sypniewo"]
[Date "2022.03.24"]
[Round "6.16"]
[White "Kieca, Aleksandra"]
[Black "Kukula, Klara"]
[Result "1-0"]
[BlackElo "1464"]
[WhiteElo "1696"]
[LiveChessVersion "1.4.8"]

1. d4 {[%clk 1:30:57]} d5 {[%clk 1:30:51]} 2. Nf3 {[%clk 1:31:18]} Nf6
{[%clk 1:29:52]} 3. e3 {[%clk 1:31:38]} c5 {[%clk 1:28:40]} 4. Bd3
{[%clk 1:31:35]} g6 {[%clk 1:26:56]} 5. O-O {[%clk 1:30:35]} cxd4
{[%clk 1:27:10]} 6. exd4 {[%clk 1:30:58]} Bg7 {[%clk 1:21:38]} 7. Bf4
{[%clk 1:26:05]} O-O {[%clk 1:18:00]} 8. Re1 {[%clk 1:24:22]} Bf5
{[%clk 1:09:59]} 9. c3 {[%clk 1:16:25]} Bxd3 {[%clk 1:08:41]} 10. Qxd3
{[%clk 1:16:48]} Nbd7 {[%clk 0:52:23]} 11. Qb5 {[%clk 1:11:38]} b6
{[%clk 0:36:51]} 12. Nbd2 {[%clk 1:08:56]} Re8 {[%clk 0:31:23]} 13. h3
{[%clk 1:06:54]} Nf8 {[%clk 0:22:16]} 14. Ne5 {[%clk 1:05:44]} Ne6
{[%clk 0:22:06]} 15. Bh2 {[%clk 1:05:51]} Qc8 {[%clk 0:11:32]} 16. Ndf3
{[%clk 0:59:46]} Nc7 {[%clk 0:08:50]} 17. Qb3 {[%clk 0:53:59]} Ne6
{[%clk 0:03:00]} 18. Re2 {[%clk 0:47:26]} Rd8 {[%clk 0:02:16]} 19. Nd2
{[%clk 0:32:40]} Nd7 {[%clk 0:02:07]} 20. Nxd7 {[%clk 0:26:22]} Rxd7
{[%clk 0:02:21]} 21. Rae1 {[%clk 0:24:50]} Qd8 {[%clk 0:02:10]} 22. Nf3
{[%clk 0:25:02]} Qc8 {[%clk 0:01:48]} 23. Qd1 {[%clk 0:24:30]} Kf8
{[%clk 0:01:44]} 24. Qd2 {[%clk 0:22:10]} Qb7 {[%clk 0:01:24]} 25. Be5
{[%clk 0:12:08]} Re8 {[%clk 0:01:41]} 26. Qe3 {[%clk 0:11:47]} Nd8
{[%clk 0:00:43]} 27. Bf4 {[%clk 0:10:45]} e6 {[%clk 0:00:41]} 28. Bh6
{[%clk 0:08:19]} Nc6 {[%clk 0:00:59]} 29. Qf4 {[%clk 0:06:50]} Kg8
{[%clk 0:01:14]} 30. Nh2 {[%clk 0:03:49]} Qc7 {[%clk 0:01:16]} 31. Qd2
{[%clk 0:03:45]} Qd8 {[%clk 0:01:24]} 32. Ng4 {[%clk 0:03:41]} f5
{[%clk 0:00:42]} 33. Bg5 {[%clk 0:03:13]} Qc8 {[%clk 0:00:55]} 34. Nf6+
{[%clk 0:02:59]} Bxf6 {[%clk 0:01:21]} 35. Bxf6 {[%clk 0:03:27]} Rf7
{[%clk 0:01:40]} 36. Bg5 {[%clk 0:03:33]} Na5 {[%clk 0:01:11]} 37. Qf4
{[%clk 0:02:46]} Nc4 {[%clk 0:01:01]} 38. Qg3 {[%clk 0:01:39]} Rc7
{[%clk 0:01:08]} 39. Bh6 {[%clk 0:00:50]} Rc6 {[%clk 0:00:35]} 40. Qg5
{[%clk 0:30:43]} Qd7 {[%clk 0:30:45]} 41. h4 {[%clk 0:29:31]} Qe7
{[%clk 0:29:57]} 42. Qg3 {[%clk 0:29:21]} a6 {[%clk 0:23:11]} 43. Bg5
{[%clk 0:28:20]} Qd6 {[%clk 0:21:17]} 44. Bf4 {[%clk 0:27:43]} Qd7
{[%clk 0:21:38]} 45. Be5 {[%clk 0:25:07]} Nxe5 {[%clk 0:20:14]} 46. Rxe5
{[%clk 0:25:16]} Qg7 {[%clk 0:19:44]} 47. Rxd5 {[%clk 0:25:07]} Qf7
{[%clk 0:17:03]} 48. Rde5 {[%clk 0:25:18]} Rd8 {[%clk 0:16:41]} 49. Qg5
{[%clk 0:23:02]} Rd7 {[%clk 0:15:47]} 50. R1e3 {[%clk 0:21:32]} Kg7
{[%clk 0:12:13]} 51. h5 {[%clk 0:21:53]} Qf6 {[%clk 0:00:35]} 52. Qxf6+
{[%clk 0:21:39]} Kxf6 {[%clk 0:01:03]} 53. hxg6 {[%clk 0:22:00]} hxg6
{[%clk 0:01:30]} 54. Kf1 {[%clk 0:21:43]} Rd5 {[%clk 0:00:54]} 55. Rxd5
{[%clk 0:21:43]} exd5 {[%clk 0:01:20]} 56. Re5 {[%clk 0:22:06]} Rd6
{[%clk 0:01:24]} 57. Ke2 {[%clk 0:20:52]} Re6 {[%clk 0:00:51]} 58. f4
{[%clk 0:21:16]} Rd6 {[%clk 0:00:36]} 59. Kd3 {[%clk 0:21:35]} b5
{[%clk 0:00:53]} 60. Kc2 {[%clk 0:21:15]} Rd8 {[%clk 0:00:57]} 61. Kb3
{[%clk 0:21:11]} Kf7 {[%clk 0:00:43]} 62. Kb4 {[%clk 0:21:28]} a5+
{[%clk 0:00:33]} 63. Kxa5 {[%clk 0:19:46]} Ra8+ {[%clk 0:01:00]} 64. Kb4
{[%clk 0:19:27]} Rxa2 {[%clk 0:01:09]} 65. Kb3 {[%clk 0:19:52]} 1-0

[Event "MP do lat 18 - dziewczeta"]
[Site "Sypniewo"]
[Date "2022.03.24"]
[Round "6.17"]
[White "Kaznowska, Weronika"]
[Black "Czerwinska, Oliwia"]
[Result "1/2-1/2"]
[BlackElo "1428"]
[WhiteElo "1604"]
[LiveChessVersion "1.4.8"]

1. d4 {[%clk 1:30:57]} c5 {[%clk 1:30:45]} 2. d5 {[%clk 1:31:19]} e5
{[%clk 1:31:09]} 3. c4 {[%clk 1:31:29]} d6 {[%clk 1:31:33]} 4. e4
{[%clk 1:31:25]} Be7 {[%clk 1:31:45]} 5. Nc3 {[%clk 1:31:06]} Bg5
{[%clk 1:31:45]} 6. Nge2 {[%clk 1:29:26]} Bxc1 {[%clk 1:31:35]} 7. Qxc1
{[%clk 1:29:47]} Nf6 {[%clk 1:24:31]} 8. Ng3 {[%clk 1:26:09]} O-O
{[%clk 1:21:53]} 9. Bd3 {[%clk 1:24:52]} Na6 {[%clk 1:20:41]} 10. a3
{[%clk 1:20:43]} Bd7 {[%clk 1:18:55]} 11. O-O {[%clk 1:19:22]} Nc7
{[%clk 1:16:21]} 12. f4 {[%clk 1:14:30]} Re8 {[%clk 1:09:09]} 13. Nf5
{[%clk 1:09:50]} Bxf5 {[%clk 0:54:50]} 14. exf5 {[%clk 1:06:16]} Qd7
{[%clk 0:51:55]} 15. Re1 {[%clk 1:04:20]} exf4 {[%clk 0:50:17]} 16. Qxf4
{[%clk 1:04:23]} Rxe1+ {[%clk 0:50:16]} 17. Rxe1 {[%clk 1:04:44]} Re8
{[%clk 0:50:33]} 18. Rxe8+ {[%clk 1:02:16]} Ncxe8 {[%clk 0:50:20]} 19. Qe3
{[%clk 0:59:51]} Kf8 {[%clk 0:48:33]} 20. h3 {[%clk 0:58:14]} Qe7
{[%clk 0:48:08]} 21. Qxe7+ {[%clk 0:53:10]} Kxe7 {[%clk 0:48:31]} 22. Kf2
{[%clk 0:53:07]} Nd7 {[%clk 0:47:50]} 23. Ne4 {[%clk 0:51:59]} Ne5
{[%clk 0:47:10]} 24. Be2 {[%clk 0:50:08]} Nf6 {[%clk 0:47:02]} 25. Nd2
{[%clk 0:49:22]} Nfd7 {[%clk 0:45:09]} 26. Ke3 {[%clk 0:48:37]} g5
{[%clk 0:39:20]} 27. fxg6 {[%clk 0:47:28]} fxg6 {[%clk 0:33:41]} 28. Kf4
{[%clk 0:45:06]} Nf6 {[%clk 0:33:15]} 29. g4 {[%clk 0:43:32]} Kf7
{[%clk 0:27:49]} 30. b3 {[%clk 0:38:39]} Kg7 {[%clk 0:26:51]} 31. g5
{[%clk 0:38:30]} Ne8 {[%clk 0:26:13]} 32. Ne4 {[%clk 0:38:28]} Nf7
{[%clk 0:23:24]} 33. Bg4 {[%clk 0:36:36]} h5 {[%clk 0:21:13]} 34. Bd7
{[%clk 0:31:23]} Kf8 {[%clk 0:17:53]} 35. Bc8 {[%clk 0:29:45]} b6
{[%clk 0:17:34]} 36. Nc3 {[%clk 0:29:47]} Nc7 {[%clk 0:16:20]} 37. Ne4
{[%clk 0:28:14]} Ke7 {[%clk 0:15:52]} 38. h4 {[%clk 0:27:17]} Ne8
{[%clk 0:15:06]} 39. Bh3 {[%clk 0:26:38]} Ne5 {[%clk 0:14:55]} 40. Ke3
{[%clk 0:56:27]} Nd7 {[%clk 0:43:28]} 41. Nc3 {[%clk 0:55:57]} Nc7
{[%clk 0:43:39]} 42. Ne2 {[%clk 0:56:02]} Nf8 {[%clk 0:42:28]} 43. Nf4
{[%clk 0:55:22]} Kf7 {[%clk 0:42:05]} 44. Bc8 {[%clk 0:55:22]} Ke7
{[%clk 0:42:12]} 45. Bh3 {[%clk 0:55:24]} 1/2-1/2

[Event "MP do lat 18 - dziewczeta"]
[Site "Sypniewo"]
[Date "2022.03.24"]
[Round "6.18"]
[White "Libura, Julianna"]
[Black "Szewczyk, Malwina"]
[Result "1-0"]
[BlackElo "1433"]
[WhiteElo "1590"]
[LiveChessVersion "1.4.8"]

1. e4 {[%clk 1:30:57]} c5 {[%clk 1:30:49]} 2. Nf3 {[%clk 1:31:20]} g6
{[%clk 1:31:10]} 3. d4 {[%clk 1:31:44]} cxd4 {[%clk 1:31:35]} 4. Nxd4
{[%clk 1:32:09]} Nc6 {[%clk 1:31:55]} 5. Be3 {[%clk 1:32:30]} Bg7
{[%clk 1:32:19]} 6. Nc3 {[%clk 1:32:16]} Nf6 {[%clk 1:32:42]} 7. Bc4
{[%clk 1:26:23]} Qa5 {[%clk 1:32:43]} 8. O-O {[%clk 1:18:21]} O-O
{[%clk 1:32:17]} 9. h3 {[%clk 1:14:23]} Rd8 {[%clk 1:25:59]} 10. Bb3
{[%clk 1:12:34]} e6 {[%clk 1:23:33]} 11. f4 {[%clk 1:06:08]} e5 {[%clk 1:19:09]}
12. Ndb5 {[%clk 0:58:05]} exf4 {[%clk 1:14:20]} 13. Bxf4 {[%clk 0:53:40]} Qb6+
{[%clk 1:14:03]} 14. Kh1 {[%clk 0:53:13]} Nh5 {[%clk 1:10:11]} 15. Bxf7+
{[%clk 0:46:47]} Kh8 {[%clk 1:10:33]} 16. Bc7 {[%clk 0:44:50]} Qe3
{[%clk 1:10:47]} 17. Rf3 {[%clk 0:42:34]} Qg5 {[%clk 1:10:17]} 18. Bxd8
{[%clk 0:40:59]} Nxd8 {[%clk 1:10:39]} 19. Bd5 {[%clk 0:30:10]} Be5
{[%clk 1:06:12]} 20. Ne2 {[%clk 0:25:39]} a6 {[%clk 1:05:15]} 21. Nbc3
{[%clk 0:24:17]} d6 {[%clk 1:05:24]} 22. Qc1 {[%clk 0:19:00]} Qxc1+
{[%clk 1:03:45]} 23. Rxc1 {[%clk 0:19:24]} Ne6 {[%clk 1:04:10]} 24. Rcf1
{[%clk 0:15:44]} Ng5 {[%clk 1:02:44]} 25. Rf8+ {[%clk 0:14:45]} Kg7
{[%clk 1:02:56]} 26. h4 {[%clk 0:14:06]} Nh3 {[%clk 0:55:35]} 27. gxh3
{[%clk 0:13:46]} Bxh3 {[%clk 0:55:59]} 28. R1f7+ {[%clk 0:13:04]} Kh6
{[%clk 0:56:06]} 29. Rxa8 1-0

[Event "MP do lat 18 - dziewczeta"]
[Site "Sypniewo"]
[Date "2022.03.24"]
[Round "6.19"]
[White "Krzyzosiak, Anna"]
[Black "Pawlak, Emilia"]
[Result "1-0"]
[BlackElo "1402"]
[WhiteElo "1489"]
[LiveChessVersion "1.4.8"]

1. e4 {[%clk 1:30:58]} c5 {[%clk 1:30:56]} 2. Nf3 {[%clk 1:31:22]} d6
{[%clk 1:31:21]} 3. d4 {[%clk 1:31:45]} cxd4 {[%clk 1:31:47]} 4. Nxd4
{[%clk 1:32:10]} Nf6 {[%clk 1:32:11]} 5. f3 {[%clk 1:32:30]} e5 {[%clk 1:32:03]}
6. Nb3 {[%clk 1:32:42]} a5 {[%clk 1:32:27]} 7. Bb5+ {[%clk 1:32:42]} Nc6
{[%clk 1:29:31]} 8. Nc3 {[%clk 1:28:12]} Be6 {[%clk 1:27:36]} 9. Be3
{[%clk 1:23:02]} d5 {[%clk 1:20:23]} 10. exd5 {[%clk 1:19:10]} Nxd5
{[%clk 1:20:46]} 11. Nxd5 {[%clk 1:15:25]} Bxd5 {[%clk 1:18:40]} 12. O-O
{[%clk 1:07:41]} Be7 {[%clk 1:14:45]} 13. Nc5 {[%clk 1:02:48]} Rb8
{[%clk 1:02:57]} 14. c4 {[%clk 0:56:40]} Qb6 {[%clk 0:56:24]} 15. Qxd5
{[%clk 0:52:57]} Rd8 {[%clk 0:56:00]} 16. Bxc6+ {[%clk 0:47:56]} bxc6
{[%clk 0:51:44]} 17. Qxe5 {[%clk 0:47:51]} 1-0

[Event "MP do lat 18 - dziewczeta"]
[Site "Sypniewo"]
[Date "2022.03.25"]
[Round "7.1"]
[White "Czarnecka, Lidia"]
[Black "Wikar, Martyna"]
[Result "0-1"]
[BlackElo "2160"]
[WhiteElo "1978"]
[LiveChessVersion "1.4.8"]

1. e4 {[%clk 1:30:54]} c5 {[%clk 1:30:58]} 2. Nf3 {[%clk 1:30:56]} Nc6
{[%clk 1:31:25]} 3. d4 {[%clk 1:30:49]} cxd4 {[%clk 1:31:50]} 4. Nxd4
{[%clk 1:31:00]} Nf6 {[%clk 1:32:17]} 5. Nc3 {[%clk 1:31:00]} e5 {[%clk 1:32:43]}
6. Ndb5 {[%clk 1:30:22]} d6 {[%clk 1:33:09]} 7. Bg5 {[%clk 1:29:59]} a6
{[%clk 1:33:34]} 8. Na3 {[%clk 1:29:56]} b5 {[%clk 1:33:58]} 9. Nd5
{[%clk 1:30:04]} Be7 {[%clk 1:34:24]} 10. Bxf6 {[%clk 1:30:15]} Bxf6
{[%clk 1:34:52]} 11. c4 {[%clk 1:30:22]} Nd4 {[%clk 1:35:16]} 12. cxb5
{[%clk 1:30:03]} Be6 {[%clk 1:35:19]} 13. Bc4 {[%clk 1:20:33]} axb5
{[%clk 1:35:41]} 14. Nxb5 {[%clk 1:07:48]} Bxd5 {[%clk 1:31:21]} 15. exd5
{[%clk 1:03:34]} Qa5+ {[%clk 1:30:53]} 16. Nc3 {[%clk 1:02:17]} Qb4
{[%clk 1:25:25]} 17. Bb3 {[%clk 0:41:27]} Nxb3 {[%clk 1:08:48]} 18. axb3
{[%clk 0:41:47]} O-O {[%clk 1:06:26]} 19. O-O {[%clk 0:39:00]} Rxa1
{[%clk 0:56:01]} 20. Qxa1 {[%clk 0:39:20]} Rb8 {[%clk 0:55:44]} 21. Qa3
{[%clk 0:29:41]} Be7 {[%clk 0:52:27]} 22. Qxb4 {[%clk 0:25:04]} Rxb4
{[%clk 0:52:55]} 23. Rc1 {[%clk 0:24:38]} Rxb3 {[%clk 0:51:54]} 24. Rc2
{[%clk 0:25:06]} f5 {[%clk 0:50:24]} 25. f3 {[%clk 0:24:18]} Bd8 {[%clk 0:48:58]}
26. Kf2 {[%clk 0:23:50]} Bb6+ {[%clk 0:48:22]} 27. Ke2 {[%clk 0:24:05]} Kf7
{[%clk 0:47:55]} 28. Kd3 {[%clk 0:24:02]} Bc5 {[%clk 0:46:19]} 29. Re2
{[%clk 0:22:27]} Kf6 {[%clk 0:45:48]} 30. Kc2 {[%clk 0:19:21]} Rb4
{[%clk 0:45:29]} 31. Re1 {[%clk 0:19:05]} h5 {[%clk 0:44:46]} 32. Ra1
{[%clk 0:16:03]} Rb8 {[%clk 0:34:22]} 33. Ra4 {[%clk 0:14:46]} g5
{[%clk 0:33:35]} 34. h3 {[%clk 0:14:25]} Bd4 {[%clk 0:29:26]} 35. Rc4
{[%clk 0:13:33]} Bxc3 {[%clk 0:25:50]} 36. Kxc3 {[%clk 0:09:47]} Rb5
{[%clk 0:26:07]} 37. Rc8 {[%clk 0:08:18]} g4 {[%clk 0:19:43]} 38. b4
{[%clk 0:07:05]} Rxd5 {[%clk 0:19:44]} 39. hxg4 {[%clk 0:06:43]} hxg4
{[%clk 0:20:08]} 40. Rg8 {[%clk 0:35:19]} gxf3 {[%clk 0:45:53]} 41. gxf3
{[%clk 0:32:44]} Rd1 {[%clk 0:45:44]} 42. b5 {[%clk 0:30:21]} Ke6
{[%clk 0:40:05]} 43. Kc4 {[%clk 0:14:27]} Rc1+ {[%clk 0:39:06]} 44. Kb4
{[%clk 0:14:51]} Kd5 {[%clk 0:39:14]} 45. b6 {[%clk 0:13:43]} Rb1+
{[%clk 0:20:29]} 46. Ka5 {[%clk 0:13:57]} Rb3 {[%clk 0:20:19]} 47. Rg1
{[%clk 0:10:45]} e4 {[%clk 0:17:54]} 48. fxe4+ {[%clk 0:09:39]} fxe4
{[%clk 0:18:16]} 49. Rd1+ {[%clk 0:06:15]} Ke5 {[%clk 0:17:32]} 50. Ka6
{[%clk 0:06:36]} d5 {[%clk 0:16:00]} 51. b7 {[%clk 0:06:44]} d4 {[%clk 0:15:27]}
52. Rh1 {[%clk 0:07:09]} Rxb7 {[%clk 0:12:57]} 53. Kxb7 {[%clk 0:07:36]} d3
{[%clk 0:13:09]} 54. Kc6 {[%clk 0:07:56]} 0-1

[Event "MP do lat 18 - dziewczeta"]
[Site "Sypniewo"]
[Date "2022.03.25"]
[Round "7.2"]
[White "Marcinczyk, Monika"]
[Black "Zarebska, Lena"]
[Result "1-0"]
[BlackElo "1809"]
[WhiteElo "1865"]
[LiveChessVersion "1.4.8"]

1. e4 {[%clk 1:30:57]} c5 {[%clk 1:30:56]} 2. Nf3 {[%clk 1:31:21]} Nc6
{[%clk 1:31:21]} 3. d4 {[%clk 1:31:44]} cxd4 {[%clk 1:31:44]} 4. Nxd4
{[%clk 1:32:07]} Nf6 {[%clk 1:31:40]} 5. Nc3 {[%clk 1:32:27]} e5 {[%clk 1:31:47]}
6. Ndb5 {[%clk 1:32:48]} d6 {[%clk 1:32:08]} 7. Nd5 {[%clk 1:32:46]} Nxd5
{[%clk 1:32:29]} 8. exd5 {[%clk 1:33:09]} Ne7 {[%clk 1:32:35]} 9. c4
{[%clk 1:33:17]} Nf5 {[%clk 1:32:59]} 10. Bd3 {[%clk 1:28:01]} g6
{[%clk 1:32:38]} 11. O-O {[%clk 1:11:39]} a6 {[%clk 1:31:05]} 12. Nc3
{[%clk 1:11:03]} Bg7 {[%clk 1:31:15]} 13. Rb1 {[%clk 1:07:52]} O-O
{[%clk 1:31:28]} 14. Re1 {[%clk 1:04:40]} b6 {[%clk 1:24:41]} 15. b4
{[%clk 1:01:27]} Nd4 {[%clk 1:20:29]} 16. Be3 {[%clk 1:00:48]} f5
{[%clk 1:17:09]} 17. f3 {[%clk 0:59:19]} e4 {[%clk 0:58:57]} 18. fxe4
{[%clk 0:46:05]} f4 {[%clk 0:59:20]} 19. Bf2 {[%clk 0:44:53]} f3 {[%clk 0:58:08]}
20. g3 {[%clk 0:36:56]} Bg4 {[%clk 0:54:26]} 21. e5 {[%clk 0:23:49]} Bxe5
{[%clk 0:51:05]} 22. Qd2 {[%clk 0:18:54]} Qf6 {[%clk 0:38:27]} 23. Ne4
{[%clk 0:18:53]} Qg7 {[%clk 0:38:48]} 24. c5 {[%clk 0:12:00]} bxc5
{[%clk 0:34:02]} 25. bxc5 {[%clk 0:12:26]} dxc5 {[%clk 0:34:28]} 26. Nxc5
{[%clk 0:12:22]} Rf7 {[%clk 0:05:35]} 27. Rb4 {[%clk 0:09:35]} Raf8
{[%clk 0:04:54]} 28. Rxe5 {[%clk 0:04:02]} Ne2+ {[%clk 0:05:05]} 29. Rxe2
{[%clk 0:03:52]} fxe2 {[%clk 0:05:27]} 30. Rf4 {[%clk 0:04:00]} Qa1+
{[%clk 0:01:39]} 31. Qe1 {[%clk 0:03:25]} Qd1 {[%clk 0:00:53]} 32. h3
{[%clk 0:00:53]} Rxf4 {[%clk 0:00:53]} 33. gxf4 {[%clk 0:01:21]} Bh5
{[%clk 0:00:52]} 34. d6 {[%clk 0:01:34]} Rxf4 {[%clk 0:00:43]} 35. d7
{[%clk 0:01:53]} Rf8 {[%clk 0:00:35]} 36. Kg2 {[%clk 0:01:34]} Bf3+
{[%clk 0:00:53]} 37. Kg3 {[%clk 0:01:50]} Bc6 {[%clk 0:00:51]} 38. Bc4+
{[%clk 0:01:40]} Kg7 {[%clk 0:00:44]} 39. Ne6+ {[%clk 0:01:18]} Kh6
{[%clk 0:00:43]} 40. Be3+ {[%clk 0:30:57]} g5 {[%clk 0:30:42]} 41. Bxg5+
{[%clk 0:29:17]} Kg6 {[%clk 0:30:40]} 42. Nxf8+ {[%clk 0:25:45]} Kxg5
{[%clk 0:30:29]} 43. d8=Q+ {[%clk 0:25:40]} Qxd8 {[%clk 0:30:17]} 44. Ne6+
{[%clk 0:26:04]} 1-0

[Event "MP do lat 18 - dziewczeta"]
[Site "Sypniewo"]
[Date "2022.03.25"]
[Round "7.3"]
[White "Adamczyk, Zuzanna"]
[Black "Kroliczek, Gabriela"]
[Result "1/2-1/2"]
[BlackElo "1823"]
[WhiteElo "1889"]
[LiveChessVersion "1.4.8"]

1. d4 {[%clk 1:30:55]} Nf6 {[%clk 1:30:56]} 2. c4 {[%clk 1:31:17]} c5
{[%clk 1:31:23]} 3. d5 {[%clk 1:31:32]} b5 {[%clk 1:31:50]} 4. cxb5
{[%clk 1:31:48]} a6 {[%clk 1:32:17]} 5. e3 {[%clk 1:32:06]} g6 {[%clk 1:32:23]}
6. Nc3 {[%clk 1:30:38]} Bg7 {[%clk 1:32:44]} 7. Nf3 {[%clk 1:29:20]} O-O
{[%clk 1:33:08]} 8. a4 {[%clk 1:23:25]} Bb7 {[%clk 1:33:20]} 9. Ra3
{[%clk 1:08:02]} e6 {[%clk 1:33:41]} 10. d6 {[%clk 0:45:54]} Nd5 {[%clk 1:26:49]}
11. Bc4 {[%clk 0:36:07]} Qa5 {[%clk 1:15:56]} 12. Bxd5 {[%clk 0:25:55]} exd5
{[%clk 0:58:17]} 13. O-O {[%clk 0:25:00]} Qb6 {[%clk 0:53:43]} 14. Nxd5
{[%clk 0:20:56]} Qxd6 {[%clk 0:53:49]} 15. Nf4 {[%clk 0:18:25]} Qb6
{[%clk 0:47:53]} 16. Nd5 {[%clk 0:17:00]} Qd6 {[%clk 0:45:04]} 17. Nf4
{[%clk 0:16:24]} Qb6 {[%clk 0:45:08]} 18. Nd5 {[%clk 0:16:19]} Qd6
{[%clk 0:45:12]} 19. Nf4 {[%clk 0:16:04]} Qb6 {[%clk 0:45:29]} 20. Nd5
{[%clk 0:16:18]} Qd6 {[%clk 0:45:50]} 1/2-1/2